A turisztikai szektor hitelezési kockázati és banki megközelítése
| Szerző: | |
|---|---|
| További közreműködők: | |
| Dokumentumtípus: | Diplomadolgozat |
| Kulcsszavak: | banki hitelbírálat COVID–19 hatása ESG-szempontok hitelezési kockázat kockázatkezelés turizmusfinanszírozás |
| Online Access: | http://dolgozattar.uni-bge.hu/60342 |
MARC
| LEADER | 00000nta a2200000 i 4500 | ||
|---|---|---|---|
| 001 | dolg60342 | ||
| 005 | 20260409150447.0 | ||
| 008 | 260409suuuu hu om 000 hun d | ||
| 040 | |a BGE Dolgozattár Repozitórium |b hun | ||
| 041 | |a hu | ||
| 100 | 1 | |a Apró Patricia | |
| 245 | 1 | 2 | |a A turisztikai szektor hitelezési kockázati és banki megközelítése |c Apró Patricia |h [elektronikus dokumentum] |
| 520 | 3 | |a A dolgozat a turisztikai szektor banki finanszírozhatóságát vizsgálja, különös tekintettel a hitelezési kockázatokra, a hitelbírálat szempontjaira és azokra a tényezőkre, amelyek a vállalkozások hitelképességét alakítják. A kutatás áttekinti a vállalati külső finanszírozás alapjait, a bankrendszer hitelezési és kockázatkezelési gyakorlatát, majd bemutatja a szektor sajátosságait, mint a szezonális bevételek, a kereslet ingadozása és a külső sokkokra való érzékenység. Részletesen elemzi a COVID–19 válság hatásait, az állami garanciaprogramok szerepét és az ESG-szempontok megjelenését a hitelezési döntésekben. A dolgozat empirikus része kérdőíves kutatáson és mélyinterjúkon alapul, amelyek feltárják, hogy a bankok miként ítélik meg a turisztikai vállalkozások kockázatait, milyen feltételekkel finanszírozzák a szektort, és mely tényezők javítják vagy rontják a hitelhez jutás esélyét. A kutatás eredményei hozzájárulnak a turisztikai finanszírozási környezet jobb megértéséhez, és rávilágítanak a fenntartható, hosszú távon életképes fejlesztések jelentőségére. | |
| 695 | |a banki hitelbírálat | ||
| 695 | |a COVID–19 hatása | ||
| 695 | |a ESG-szempontok | ||
| 695 | |a hitelezési kockázat | ||
| 695 | |a kockázatkezelés | ||
| 695 | |a turizmusfinanszírozás | ||
| 700 | 1 | |a Jáki Dr.habil Erika |e ths | |
| 856 | 4 | 0 | |u http://dolgozattar.uni-bge.hu/60342/1/Apr%C3%B3%20Patr%C3%ADcia_Szakdolgozat_2025.pdf |z Dokumentum-elérés |
| 856 | 4 | 0 | |u http://dolgozattar.uni-bge.hu/60342/2/biralatilap_alap_Apr%C3%B3%20Patr%C3%ADcia.pdf |z Dokumentum-elérés |